000 00731nam a22002297a 4500
003 UA-OsUOA
001 28618
007 ta
008 20050413b un ||||| |||| 00| 0 ukr d
090 _a94(477)
_bТ30
942 _cBK
040 _aUA-OsUOA
_bukr
_cUA-OsUOA
_dUA-OsUOA
245 _aТези доповідей 6-ої звітної наукової конференції інституту
_bСекція історичних, філологічних наук і музикознавства
_cРед. Г. Ф.ШилоРед. Н. М.Громова
300 _a200 с.
955 _a0
041 _aukr
080 _a94(477)
260 _aДрогобич
_c1964
044 _aUA
650 7 _2UDC
999 _c314987
_d314987